TEXTBOOK OF PHARMACEUTICAL ORGANIC CHEMISTRY (Record no. 6045)

MARC details
000 -LEADER
fixed length control field 00407nam a22001577a 4500
005 - DATE AND TIME OF LATEST TRANSACTION
control field 20210827131611.0
008 - FIXED-LENGTH DATA ELEMENTS--GENERAL INFORMATION
fixed length control field 200225b xxu||||| |||| 00| 0 eng d
020 ## - INTERNATIONAL STANDARD BOOK NUMBER
ISBN 81-239-0680-3
041 ## - LANGUAGE CODE
Language code of text/sound track or separate title eng
100 ## - MAIN ENTRY--AUTHOR NAME
Personal name BHANDARI.Dr. ANLI AND SINGH, G.K.
245 ## - TITLE STATEMENT
Title TEXTBOOK OF PHARMACEUTICAL ORGANIC CHEMISTRY
260 ## - PUBLICATION, DISTRIBUTION, ETC. (IMPRINT)
Place of publication NEW DELHI
Name of publisher CBS
300 ## - PHYSICAL DESCRIPTION
Number of Pages 171p,
650 ## - SUBJECT ADDED ENTRY--TOPICAL TERM
Topical Term PHARMACY
942 ## - ADDED ENTRY ELEMENTS (KOHA)
Koha item type Books
Holdings
Lost status Damaged status Collection code Home library Current library Shelving location Date acquired Source of acquisition Cost, normal purchase price Accession Number Koha item type
    PHARMACY JRU Library JRU Library SHELF-17-D 25/02/2020 PURCHESS 295.00 23700 Books
    PHARMACY JRU Library JRU Library SHELF-17-D 25/02/2020 PURCHESS 295.00 23701 Books
    PHARMACY JRU Library JRU Library SHELF-17-D 25/02/2020 PURCHESS 295.00 23702 Books
    PHARMACY JRU Library JRU Library SHELF-17-D 25/02/2020 PURCHESS 295.00 23703 Books
    PHARMACY JRU Library JRU Library SHELF-17-D 25/02/2020 PURCHESS 295.00 23704 Books
    PHARMACY JRU Library JRU Library SHELF-17-D 25/02/2020 PURCHESS 295.00 23705 Books
    PHARMACY JRU Library JRU Library SHELF-17-D 25/02/2020 PURCHESS 295.00 23706 Books
    PHARMACY JRU Library JRU Library SHELF-17-D 25/02/2020 PURCHESS 295.00 23707 Books
    PHARMACY JRU Library JRU Library SHELF-17-D 25/02/2020 PURCHESS 295.00 23708 Books
    Reference JRU Library JRU Library SHELF-5-B 25/02/2020 PURCHESS 295.00 23709 Books